000 01015cam a2200361 4500
008 090401t1989 xxu||||| |||| 00| 0 eng d
020 _a0632025786
035 _a(Sirsi) u61569
041 _aeng
050 _a658.202
100 _aFlanagan, Roger
245 _aLife cycle costing : theory and practice
260 _aOxford
_bBSP Professional Books
_c1989
300 _aix,181p. ; 25cm.
350 _a19.95
520 _aPresents the introductory concepts together with more advanced appliations to give a practical understanding.
650 _aBENEFIT APPRAISAL
650 _aCONDITION SURVEY
650 _aCOSTS
650 _aFINISHES
650 _aGLOSSARY
650 _aLIFE EXPECTANCY
650 _aMONTE CARLO SIMULATION
650 _aOCCUPANCY COSTS
650 _aRISK MANAGEMENT
650 _aRUNNING COSTS
650 _aSENSITIVITY ANALYSIS
700 _aNorman, George
700 _aMeadows, Justin
700 _aRobinson, Graham
942 _n0
948 _c04/03/1997
999 _c94325
_d94325